000 00806nmc a2200277 a 4500
003 AR-BaBNM
005 20251128203004.0
008 267019s1988 ||||||||||||||000 | spa||
020 _a950-9822-11-0
040 _cAR-BaBNM
100 1 _aFuller, J.F.C.
245 1 0 _aLa 2da. guerra mundial
_b[1939-1945] historia táctica y estrategia
260 _aBuenos Aires
_bCírculo Militar
_c1988
300 0 _a612 p.
_bmapas, gráfs.
490 0 _aBiblioteca del oficial
500 0 _aContiene índice de mapas y gráficos p. 5-6
650 4 _aHISTORIA MILITAR
650 4 _aHISTORIA EUROPEA
650 4 _aESTRATEGIA MILITAR
650 4 _aOPERACIONES MILITARES
650 4 _aINGENIERIA MILITAR
650 4 _aGUERRA
800 1 _aMartinez Pita, Rodolfo
_efundador
942 _cBK
998 _cmariana
999 _c1391
_d1391